000 05912cam a22008894i 4500
001 u38664
003 PE-LiUPU
005 20250731180136.0
008 150625s2006 pe a rb 000 0 spa d
020 _a9789972293955
020 _a9972293955
035 _a(Sirsi) i9789972293955
040 _aPE-LiUPU
_bspa
_cPE-LiUPU
_erda
049 _aPRUA
082 0 4 _a575.1378
_bS18 2006
082 0 4 _a575.1378
_bS18
_221
100 1 _aSalas Asencios, Ramsés,
_eautor.
245 1 0 _aManual universitario de prácticas de genética general /
_cRamsés Salas Asencio y Carlos Scotto Espinoza.
264 1 _aLima :
_bAsamblea Nacional de Rectores,
_c2006.
300 _a227 páginas :
_bilustraciones, fotos, gráficos,tablas, mapa ;
_c24 centímetros
336 _atext
_2rdacontent
337 _aunmediated
_2rdamedia
338 _avolume
_2rdacarrier
505 0 _aComportamiento del material genético. -Herencia mendeliana. -Variantes de las leyes de Mendel. -Ligamiento genético. -Genética cuantitativa. -Genética de poblaciones. -Análisis cromosómico. -Probabilidades en genética. -Genética molecular. -Genética evolutiva.
526 _aSEG44
526 _aSEG26
526 _aP159
526 _aP155
526 _aP154
526 _aP153
526 _aP150
526 _aP100
526 _aP31
526 _aP30
526 _aP26
526 _aP25
526 _aP24
526 _aP22
526 _aP15
526 _aP10
596 _a1 2 3
650 0 4 _aGenética
_xPrácticas.
700 1 _aScotto Espinoza, Carlos,
_eautor.
910 _btqv
_cjhc
_d20160920
942 _2ddc
_cBOOK
994 _aC0
_bPEPRU
949 _a575.1378 S18
_wDEWEY
_c1
_i58001
_e2017-6-7
_f2018-2-12
_g2
_lCCODEBUL1
_mBUL
_n1
_r0
_sY
_tBOOK
_u2015-6-25
_xEDUCACION
_PP22
_0COMPRA
_o.STAFF. Colección General
949 _a575.1378 S18
_wDEWEY
_c1
_iFJ02168
_lCCODEBUJ1
_mBUJ
_p18.20
_r0
_sY
_tBOOK
_u2016-9-20
_xSALUD
_PP22
_0COMPRA
_o.STAFF. Colección General Juliaca
949 _a575.1378 S18
_wDEWEY
_c2
_i58002
_e2017-6-11
_f2018-2-9
_g2
_lCCODEBUL1
_mBUL
_n4
_r0
_sY
_tBOOK
_u2015-6-25
_xSALUD
_PP22
_0COMPRA
_o.STAFF. Colección General
949 _a575.1378 S18
_wDEWEY
_c2
_iFJ02169
_lCCODEBUJ1
_mBUJ
_p18.20
_r0
_sY
_tBOOK
_u2016-9-20
_xSALUD
_PP22
_0COMPRA
_o.STAFF. Colección General Juliaca
949 _a575.1378 S18
_wDEWEY
_c3
_i58003
_e2017-6-7
_f2018-2-12
_g2
_lCCODEBUL1
_mBUL
_n1
_r0
_sY
_tBOOK
_u2015-6-25
_xEDUCACION
_PP22
_0COMPRA
_o.STAFF. Colección General
949 _a575.1378 S18
_wDEWEY
_c3
_iFJ02170
_lCCODEBUJ1
_mBUJ
_p18.20
_r0
_sY
_tBOOK
_u2016-9-20
_xSALUD
_PP22
_0COMPRA
_o.STAFF. Colección General Juliaca
949 _a575.1378 S18
_wDEWEY
_c4
_iFJ02171
_lCCODEBUJ1
_mBUJ
_p18.20
_r0
_sY
_tBOOK
_u2016-9-20
_xSALUD
_PP22
_0COMPRA
_o.STAFF. Colección General Juliaca
949 _a575.1378 S18
_wDEWEY
_c5
_iFJ02172
_lCCODEBUJ1
_mBUJ
_p18.20
_r0
_sY
_tBOOK
_u2016-9-20
_xSALUD
_PP22
_0COMPRA
_o.STAFF. Colección General Juliaca
949 _a575.1378 S18
_wDEWEY
_c6
_iFJ02173
_lCCODEBUJ1
_mBUJ
_p18.20
_r0
_sY
_tBOOK
_u2016-9-20
_xSALUD
_PP22
_0COMPRA
_o.STAFF. Colección General Juliaca
949 _a575.1378 S18
_wDEWEY
_c7
_iFJ02174
_lCCODEBUJ1
_mBUJ
_p18.20
_r0
_sY
_tBOOK
_u2016-9-20
_xSALUD
_PP22
_0COMPRA
_o.STAFF. Colección General Juliaca
949 _a599.935 S18
_wDEWEY
_c1
_iFT02004
_lCCODEBUT1
_mBUT
_p18.00
_r0
_sY
_tBOOK
_u2016-4-12
_xBIBLIOTECA
_zUNKNOWN
_o.STAFF. Colección General
949 _a599.935 S18
_wDEWEY
_c2
_iFT02005
_lCCODEBUT1
_mBUT
_p18.00
_r0
_sY
_tBOOK
_u2016-6-8
_xBIBLIOTECA
_zUNKNOWN
_0COMPRA
_o.STAFF. Colección General
999 _a575.1378 S18
_wDEWEY
_c46972
_i58001
_d46972
_e2018-10-3
_f2021-11-5
_g5
_lCCODEBUL1
_mBUL
_n2
_r0
_sN
_tBOOK
_u2015-6-25
_xBIBLIOTECA
_PP22
_0COMPRA
_o.STAFF. Colección General
999 _a575.1378 S18
_wDEWEY
_c2
_i58002
_d2018-6-18
_e2018-6-17
_f2021-11-5
_g5
_lCCODEBUL1
_mBUL
_n5
_r0
_sY
_tBOOK
_u2015-6-25
_xBIBLIOTECA
_PP22
_0COMPRA
_o.STAFF. Colección General
999 _a575.1378 S18
_wDEWEY
_c3
_i58003
_e2017-6-7
_f2021-11-8
_g5
_lCCODEBUL1
_mBUL
_n1
_r0
_sY
_tBOOK
_u2015-6-25
_xEDUCACION
_PP22
_0COMPRA
_o.STAFF. Colección General
999 _a599.935 S18
_wDEWEY
_c1
_iFT02004
_f2019-2-20
_g1
_lCCODEBUT1
_mBUT
_p18.00
_r0
_sY
_tBOOK
_u2016-4-12
_xBIBLIOTECA
_zUNKNOWN
_o.STAFF. Colección General
999 _a599.935 S18
_wDEWEY
_c2
_iFT02005
_f2019-2-20
_g1
_lCCODEBUT1
_mBUT
_p18.00
_r0
_sY
_tBOOK
_u2016-6-8
_xBIBLIOTECA
_zUNKNOWN
_0COMPRA
_o.STAFF. Colección General
999 _a575.1378 S18
_wDEWEY
_c1
_iFJ02168
_f2022-1-25
_g3
_lCCODEBUJ1
_mBUJ
_p18.20
_r0
_sY
_tBOOK
_u2016-9-20
_xSALUD
_PP22
_0COMPRA
_o.STAFF. Colección General Juliaca
999 _a575.1378 S18
_wDEWEY
_c2
_iFJ02169
_f2022-1-25
_g3
_lCCODEBUJ1
_mBUJ
_p18.20
_r0
_sY
_tBOOK
_u2016-9-20
_xSALUD
_PP22
_0COMPRA
_o.STAFF. Colección General Juliaca
999 _a575.1378 S18
_wDEWEY
_c3
_iFJ02170
_f2022-1-25
_g3
_lCCODEBUJ1
_mBUJ
_p18.20
_r0
_sY
_tBOOK
_u2016-9-20
_xSALUD
_PP22
_0COMPRA
_o.STAFF. Colección General Juliaca
999 _a575.1378 S18
_wDEWEY
_c4
_iFJ02171
_f2022-1-25
_g3
_lCCODEBUJ1
_mBUJ
_p18.20
_r0
_sY
_tBOOK
_u2016-9-20
_xSALUD
_PP22
_0COMPRA
_o.STAFF. Colección General Juliaca
999 _a575.1378 S18
_wDEWEY
_c5
_iFJ02172
_f2022-1-25
_g3
_lCCODEBUJ1
_mBUJ
_p18.20
_r0
_sY
_tBOOK
_u2016-9-20
_xSALUD
_PP22
_0COMPRA
_o.STAFF. Colección General Juliaca
999 _a575.1378 S18
_wDEWEY
_c6
_iFJ02173
_f2022-1-25
_g3
_lCCODEBUJ1
_mBUJ
_p18.20
_r0
_sY
_tBOOK
_u2016-9-20
_xSALUD
_PP22
_0COMPRA
_o.STAFF. Colección General Juliaca
999 _a575.1378 S18
_wDEWEY
_c7
_iFJ02174
_f2022-1-25
_g3
_lCCODEBUJ1
_mBUJ
_p18.20
_r0
_sY
_tBOOK
_u2016-9-20
_xSALUD
_PP22
_0COMPRA
_o.STAFF. Colección General Juliaca
980 _81
_gALBERTO SANCHEZ Responsable de Automatización